| 000 | 00870nam a22002897a 4500 | ||
|---|---|---|---|
| 001 | 5052 | ||
| 003 | FISKH | ||
| 005 | 20241104084453.0 | ||
| 008 | 241104b cb ||||| |||| 00| 0 eng d | ||
| 020 | _a9780545165402 | ||
| 040 |
_aFISKH _beng _cFISKH _dFISKH |
||
| 082 | _a398.2 | ||
| 100 |
_aShapiro, Sara _d(1917-1966) |
||
| 245 | _aThe three billy goats gruff / | ||
| 250 | _a2009 | ||
| 260 |
_aNew York : _bScholastic, _c2009. |
||
| 300 |
_a16 pages : _bColor illustrations ; _c23 cm |
||
| 505 | _aG | ||
| 520 | _aThree clever billy goats outwit a big, ugly troll that lives under the bridge they must cross on their way up the mountain. | ||
| 521 | 8 |
_a360L
_bLexile |
|
| 521 | 8 |
_aG
_bRaz-Plus |
|
| 650 |
_2Fiction _aBrothers goats |
||
| 650 |
_2Bridge _aGreen grass |
||
| 700 |
_aTaylor, Clive _dIllustrator |
||
| 942 |
_2ddc _cBK _n0 |
||
| 999 |
_c5052 _d5052 |
||